000 00827nam a2200229Ia 4500
003 GCL
008 140319s9999 xx 000 0 ara d
040 _aGCL /
_cGCL
082 0 4 _a940.18
_bح ا
100 1 _aجوزيف نسيم يوسف
245 1 0 _aامارة انطاكية الصليبية والمسلمون :
_b1171-1268م\567-666هـ /
_cجوزيف نسيم يوسف
700 1 _aحسين محمد عطية
700 1 _aبيتر وليام ادبيوري
250 _aالاولى
260 _aالقاهرة :
_bدار المعرفة الجامعية ،
_c1989
300 _a573 ص ؛
_c25 سم
490 _aمكتبة التاريخ الوسيط
_v1
650 0 4 _aالحروب الصليبية
650 0 4 _aالتاريخ الاسلامى
650 0 4 _aالعصور الوسطى
942 _2ddc
_cBK
999 _c41991
_d41991